LEADER 01277nam a2200229 i 4500 001 000000204157 003 CaOOAMICUS 005 20110719000000.0 008 110719s1546 xx u000 u lat u 013 $a182874 040 $aSeMil$bita 245 13$aDe institutione oratoria libri XII, cura et studio Petri Gallandii ; cum commentariis variorum ; Item :$beiusdem Quintiliani Declamationum. 260 $aVenezia :$bapud Hieronymum Scotum,$c1546. 300 $a22 x 31 ;$ccc. 213 ;$cgr. e rom. 500 $aDescrizione da : Incunaboli e Cinquecentine della Biblioteca del Seminario di Milano / catalogo a cura di Ubaldo Valentini, Milano 1981. - Numero di catalogo : 1351. 650 4$aCinquecentine.$0(OLS)http://semarc/subject/1297 650 4$aMariologia - Testi.$0(OLS)http://semarc/subject/599 700 1 $aQuintilianus, Marcus Fabius,$d.$0(OLS)http://semarc/name/6237 850 $aSeMil 852 $aSeMil$W1$xVenegono$y1$mFV.C IV 20$j154651$B154651$CSeMilBibl$Z2$F165473 $86 996 $6245$aDe institutione oratoria libri XII, cura et studio Petri Gallandii ; cum commentariis variorum ; Item :$beiusdem Quintiliani Declamationum$9(OLS)http://semarc/title/295839 996 $6260$aVenezia :$bapud Hieronymum Scotum$9(OLS)http://semarc/publisher/40624 LEADER 00859nam a2200217 i 4500 001 000000065460 003 CaOOAMICUS 005 20260123144919.0 008 040115s1964 gw u000 u ger u 013 $a36632 040 $aSeMil$bita 100 1 $aEichrodt, Walther D.$0(OLS)http://semarc/name/3737 245 10$aGott und Welt ; Gott und Mensch /$cvon Walther Eichrodt. 250 $a5. durchgesehene Aufl. 300 $aXVII, 398 p. ;$c25 cm. 773 0 $aEichrodt, Walther D.$tTheologie des Alten Testaments.$dStuttgart : Ehrenfried Klotz ; Göttingen : Vandenhoeck & Ruprecht, 1962-1964.$g2$w()1673 850 $aSeMil 852 $aSeMil$W1$xVenegono$y1$m2VV VII 40$j269249$B31613$CSeMilBibl$Z2$F31616 $81 961 $aAcquisto: Casa editrice 996 $6245$aGott und Welt ; Gott und Mensch$9(OLS)http://semarc/title/103870